Perfect- One Direction - Statistics

General Stats
  • This quiz has been taken 22 times
  • The average score is 356 of 430
Answer Stats
Hint Answer % Correct
and
100%
baby
100%
Baby
100%
do
100%
Verse 1 | Verse 2 I
100%
the
100%
you
100%
across
93%
can
93%
from
93%
if
93%
If
93%
in
93%
like
93%
perfect
93%
room
93%
saw
93%
we
93%
Pre- Chorus | Pre-Chorus When
93%
about
86%
be
86%
first
86%
for
86%
hotel
86%
I'm
86%
never
86%
rooms
86%
then
86%
were
86%
we're
86%
who
86%
your
86%
you're
86%
but
79%
Chorus But
79%
can't
79%
down
79%
every
79%
go
79%
going
79%
home
79%
know
79%
making
79%
might
79%
mother
79%
oh
79%
one
79%
places
79%
pronounce
79%
shouldn't
79%
should'nt
79%
so
79%
that
79%
things
79%
to
79%
what
79%
windows
79%
yeah
79%
at
71%
cause
71%
causing
71%
could
71%
curious
71%
even
71%
good
71%
hope
71%
looking
71%
not
71%
secret
71%
sure
71%
take
71%
tonight
71%
trouble
71%
you've
71%
armor
64%
been
64%
brings
64%
don't
64%
dreaming
64%
driving
64%
flowers
64%
Girl
64%
girl
64%
having
64%
little
64%
love
64%
mean
64%
now
64%
promises
64%
right
64%
shinin
64%
someone
64%
songs
64%
time
64%
up
64%
want
64%
with
64%
write
64%
any
57%
arms
57%
breakup
57%
hold
57%
knight
57%
lets
57%
out
57%
rendezvous
57%
tell
57%
cameras
50%
flashing
50%
hands
50%
put
50%
start
50%
heart
43%
whatever
43%
midnight
36%
moment
36%
or
36%
here
29%
live
29%
them
21%
No matching quizzes found
Score Distribution
Percent of People with Each Score
Percentile by Number Answered
Your Score History
You have not taken this quiz